000 01097nam0a22002531 4500
001 rc\493516
005 20030616171553.3
035 _a(NLR Aleph) 005735239
090 _a7620859
_c7620859
100 _a20030616d1987 u |0rusy50 ca
101 0 _arus
102 _aRU
105 _aa |||||||||
200 1 _aМеханизация и автоматизация технологических процессов в деревообработке и на лесозаготовках
_eСб. науч. тр.
_fНауч.-произв. об-ние "Меркани"
_g[Редкол.: Г.Г. Кокая (отв. ред.), Б.З. Вайнштейн]
210 _aТбилиси
_cНПО "Меркани"
_d1987
215 _a279 с.
_cил.
_d20
320 _aБиблиогр. в конце ст.
702 1 _aКокая
_bГ. Г.
_gГедеван Григорьевич
_4340
712 0 2 _a"Меркани", науч.-произв. об-ние
_cТбилиси
_3RU\NLR\AUTH\8810009550
801 0 _aRU
_bNLR
_gpsbo
801 1 _aRU
_bELAR
_2rusmarc
852 _aNLR
_j88-3/6298
942 _cBOOK
980 _aNB